Llama True or False - Statistics

General Stats
  • This quiz has been taken 74 times
  • The average score is 9 of 16
Answer Stats
Question Answer % Correct
Llamas are camelids. True
93%
Llamas have one toe on each hoof. False
80%
Llamas were originally domesticated in South America. True
80%
Llamas are omnivores. False
73%
Fully grown llamas are larger than fully grown alpacas. True
73%
An average fully grown llama is about 1.8 meters or 6 feet tall. True
73%
In the United States and Canada, llamas are often used as guardian animals for other livestock. True
73%
Baby llamas are called calves. False
67%
Llamas are social animals and live in herds. True
67%
There are fewer than 10 million llamas in the world. True
60%
Llamas and alpacas were the only domesticated animals in the Americas prior to European contact. False
40%
Llamas have no upper front teeth. True
40%
The oldest known fossils of the ancestors of modern llamas were found in Asia. False
33%
The average lifespan of a llama is about 30-40 years. False
33%
Like cattle, sheep, and goats, llamas are ruminants with four stomach compartments. False
33%
There are more llamas in Peru than in any other country. False
20%
No matching quizzes found
Score Distribution
Percent of People with Each Score
Percentile by Number Answered
Your Score History
You have not taken this quiz